000 01070nam a2200241 4500
005 20240530110444.0
008 150426s2008 ua g b 000 0dara d
017 _a2008/17128
_bمصر . دار الكتب المصرية
020 _a9789774205193
040 _aEG-CaGPL
082 0 4 _221
_a891.55\
_bر ق
100 0 _aرمضان رمضان متولى
245 1 0 _aقصة يوسف و زليخا فى الادب و مصادرها فى التوراة و القران الكريم :
_bدراسة تحليلية /
_cتاليف رمضان رمضان متولى ؛ مراجعة السباعى محمد السباعى
260 _aالقاهرة :
_bالهيئة المصرية العامة للكتاب ،
_c2008 .
300 _a270 ص ؛
_c24 سم
505 _aببليوجرافية : ص 251 *-261
650 0 4 _aقصص الانبياء
650 0 4 _aقصة يوسف عليه السلام
650 0 4 _aقصص القران
700 0 _aالسباعى محمد السباعى
_eمراجع
942 _2ddc
_cBK
999 _c61111
_d61111